000 00273nam a2200121Ia 4500
008 190216s9999||||xx |||||||||||||| ||und||
100 _aMohammed Yusuf Amani
245 0 _aAl-Qura-T-Al-Mujeeda
260 _bAmeera & Company
300 _a256
650 _aArabic
942 _cBK
999 _c126
_d126